[Event "ARG-ch"]
[Site "Argentina"]
[Date "1995.??.??"]
[Round "13"]
[White "Servat, Roberto"]
[Black "Hoffman, Alejandro"]
[Result "0-1"]
[WhiteElo "2450"]
[BlackElo "2495"]
[Annotator "Stohl,I"]
[PlyCount "66"]
[EventDate "1995.??.??"]
[EventType "tourn"]
[EventRounds "15"]
[EventCountry "ARG"]
[EventCategory "9"]
[SourceTitle "CBM 049"]
[Source "ChessBase"]
[SourceDate "1995.12.01"]
[SourceVersion "1"]
[SourceVersionDate "1995.12.01"]
[SourceQuality "1"]

1. d4 Nf6 2. c4 c5 3. Nf3 cxd4 4. Nxd4 e5 5. Nb5 d5 6. cxd5 Bc5 7. e3 O-O 8.
N5c3 e4 {White has a passed and extra d-pawn, but it is blockaded and behind
it Black can concentrate his pieces for an attack against the >>. The outpost
on e4 plays an important role, giving Black space advantage.} 9. Be2 Qe7 10.
Nd2 (10. Qc2 Rd8 (10... Bf5 11. a3 Nbd7 12. Nd2 Rac8 13. Nc4 Ne5 14. Nxe5 Qxe5
15. Qb3 Rfd8 16. Qxb7 Bb6 17. Bd2 Nd7 18. Qa6 Nc5 19. Qb5 Bd7 20. Qb4 Bg4 21.
Rd1 Bxe2 22. Kxe2 Qh5+ 23. f3 Re8 24. Qb5 Qg6 25. Kf1 f5 26. Qe2 Nd3 $44 {
[%csl Rf1] @,עf1,Cifuentes Parada,R-Blees,A/NLD-chT9495/1995/}) 11. O-O Bf5
12. Rd1 Nbd7 13. Nd2 Rac8 14. Nf1 Ne5 15. Bd2 Bg6 16. Be1 h5 17. Qa4 a6 18. b4
Bxb4 19. Nxe4 Bxe1 20. Nxf6+ Qxf6 21. Rxe1 Rxd5 22. Qb3 Rd7 23. Rac1 Rcd8 24.
Red1 Nd3 25. Bxd3 Bxd3 $15 {Chernin,A-Hebden,M/London op/1989/}) (10. a3 Rd8
11. b4 Bd6 12. Bb2 Be5 13. Qb3 Nbd7 14. Nd2 Nb6 15. Rd1 Bf5 16. Nc4 Nxc4 17.
Qxc4 Rac8 18. Qb3 a6 19. Na4 Bxb2 20. Qxb2 Rxd5 21. Rxd5 Nxd5 22. O-O Qf6 23.
Rc1 Qxb2 24. Rxc8+ Bxc8 25. Nxb2 Nc3 26. Kf1 Be6 $15 {Lautier,J-Illescas
Cordoba,M/Linares/1995/}) 10... Rd8 11. Qc2 (11. a3 $142 $5 Nxd5 12. Nxd5 Rxd5
13. Qa4 (13. b4 Bb6 14. Bb2 Nc6 15. Qb3 Rg5 16. Qc2 Bf5 17. g4 Bxg4 18. h4 Bxe2
19. hxg5 Bd3 20. Qc3 Qxg5 21. Nf3 $1 exf3 22. Qxd3 h5 23. O-O-O $36 {[%cal
Gg1g7,Gh1h5] <->g,h,Panno,O-Glavina,P/Argentina ch/1989/}) 13... Bf5 14. b4 Bb6
15. Qb3 Rd6 16. Nc4 Rg6 17. Nxb6 axb6 18. Qd5 Bc8 19. Bb2 Nc6 20. Rd1 Rxg2 21.
b5 Qh4 22. Rf1 Be6 23. Qd6 Na5 24. Qxb6 Rxh2 25. Bc3 Bh3 26. Qd4 Qf6 27. Qxf6
$18 {Vakhidov,T-Nesterov,J/Bishkek zt/1993/}) 11... Bf5 12. O-O $146 (12. Nb3
Nbd7 13. Bd2 Rac8 14. Rd1 Ne5 15. Nxc5 Rxc5 16. Qb3 Bg4 17. Qa3 Bxe2 18. Kxe2
b6 19. Bc1 Qd7 20. h3 Nxd5 21. Nxe4 Qb5+ 22. Ke1 Rxc1 23. Rxc1 Nd3+ 24. Kd2
N5b4 25. Nd6 Nxc1 {0-1,Summermatter,D-Bukhman,E/Budapest Spring op/1990/}) (12.
a3 Nxd5 13. Nxd5 Rxd5 14. b4 Bb6 15. Bb2 Nc6 16. Qc3 Ne5 17. Nc4 Rc8 18. O-O
Qg5 19. Kh1 Be6 20. f4 exf3 21. gxf3 Nxc4 22. Bxc4 Rxc4 23. Qxc4 Rd2 24. Rg1
Qxg1+ 25. Rxg1 Bxc4 26. Rxg7+ Kf8 27. Be5 Bxe3 28. Rxh7 Bd5 {0-1,Agrest,
E-Petrakov,A/St.Petersburg op/1994/}) 12... Nbd7 13. Nc4 (13. Nb3 $5 Bd6 14.
Nb5 $13) (13. Rd1 Rac8 14. Nf1 Nb6 15. Ng3 Bg6 $15) 13... Rac8 14. Rd1 Ne5 15.
Nxe5 Qxe5 $44 {[%csl Ge4] ()>>,@} 16. Bd2 Bg4 $1 (16... Nxd5 17. Nxd5 Rxd5 18.
Bc3 $10) 17. Be1 (17. Bxg4 Nxg4 18. Qxe4 Qxh2+ 19. Kf1 Qh4 $44) 17... Bd6 18.
Bxg4 $6 (18. g3 $142 Qh5 (18... Bf3 $5 $44 {[%csl Rf3,Rg2,Rh3] ׻}) 19. Bxg4
Nxg4 20. Qxe4 (20. h4 f5 {[%cal Yg4e5,Yg7g5] /\Ne5,g5->}) 20... Qxh2+ 21. Kf1
f5 22. Qg2 Qh5 $13) 18... Qxh2+ 19. Kf1 Nxg4 20. Qxe4 f5 $1 21. Qf3 $8 (21.
Qxf5 Nxe3+ $1 22. fxe3 Rf8 $19 {->}) 21... Rf8 $36 22. Rac1 (22. g3 $142 $5 Ne5
23. Qg2 Qh5 $40) 22... Qh1+ 23. Ke2 {Black has chased White's K to the center
and now energetically concludes his attack.} Nh2 24. Qh3 Qf1+ 25. Kd2 Ng4 26.
Kc2 b5 $1 (26... Nxf2 27. Bxf2 (27. Qf3 $2 Nxd1 $1 28. Qxf1 Nxe3+ $19) 27...
Qxf2+ 28. Rd2 Qg3 $15 {_|_}) 27. Kb1 (27. Bd2 Qxf2 28. Rf1 Qe2 $17 {->}) 27...
b4 28. Na4 Rxc1+ 29. Rxc1 (29. Kxc1 Qc4+ 30. Kb1 Rc8 $19) 29... Qb5 $1 $19 30.
e4 (30. b3 Qd3+ 31. Ka1 (31. Rc2 Rc8) 31... Be5+ 32. Nb2 Qe2 33. Rb1 Rc8 $19 {
[%cal Re2b2,Rc8c1] /\Qb2!,Rc1#}) 30... Qxa4 31. exf5 Nf6 32. Qd3 Qa5 33. Qc4
Qxd5 (33... Qxd5 34. Qxd5+ Nxd5 35. Rd1 Rxf5 36. g4 Re5 $19) 0-1

[Event "New York op"]
[Site "New York"]
[Date "1991.??.??"]
[Round "3"]
[White "Fishbein, Alexander"]
[Black "Kudrin, Sergey"]
[Result "1/2-1/2"]
[WhiteElo "2465"]
[BlackElo "2510"]
[Annotator "Stohl,I"]
[PlyCount "78"]
[EventDate "1991.03.??"]
[EventType "swiss"]
[EventRounds "9"]
[EventCountry "USA"]
[SourceTitle "CBM 023"]
[Source "ChessBase"]
[SourceDate "1991.08.01"]
[SourceVersion "1"]
[SourceVersionDate "1991.08.01"]
[SourceQuality "1"]

1. Nf3 {Ribli} Nf6 2. c4 c5 3. Nc3 b6 4. d4 cxd4 5. Nxd4 Bb7 6. f3 d6 7. e4 e6
8. Be2 (8. Be3 Nbd7 9. Qd2 a6 10. Be2 Rc8 $1 11. O-O Be7 12. Rac1 (12. a4 Ne5
$5 13. b3 O-O 14. a5 $6 bxa5 {/\d5}) 12... O-O 13. Rfd1 Re8 14. Bf1 Ne5 15. b3
(15. Na4 $5 $14) 15... Qc7 16. Kh1 Qb8 17. Na4 Ba8 $11 {Stohl,I-Yudasin,L,Novi
Sad olm (08) 1990}) 8... Be7 (8... Nbd7 $142 9. O-O Be7 (9... a6 $142 10. Be3
Rc8 $5) 10. Be3 a6 11. a4 $1 O-O 12. a5 d5 (12... bxa5 $6 13. Nb3 Rb8 14. Nxa5
Ba8 15. Qd2 Qc7 16. Rfc1 Rfc8 17. Na4 Nc5 18. b4 Nxa4 19. Rxa4 Qd7 20. Rca1 Rd8
21. Bf1 Qc7 22. Nb3 Bb7 23. Qf2 $16 {><a6,d6(),Gelfand,B-Smirin,I,Vilnius 1988,
CBM 07}) 13. exd5 exd5 14. cxd5 Nxd5 15. Nxd5 Bxd5 16. Nf5 Be6 17. Nxe7+ Qxe7
18. axb6 Bc4 19. Bxc4 Qxe3+ 20. Kh1 Nxb6 21. Bxa6 $14 {Sher,M-Vegh,E,Budapest
Elekes 1989,CBM 14}) 9. Qa4+ $5 {N} (9. O-O O-O $14) 9... Nfd7 (9... Nbd7 10.
Nc6 Bxc6 11. Qxc6 O-O 12. O-O $14) (9... Qd7 10. Qxd7+ (10. Qc2 $5 Nc6 11. Be3
{()}) 10... Nbxd7 11. Ndb5 O-O 12. Bf4 Ne5 13. O-O-O $36 {_|_}) 10. O-O O-O 11.
Be3 a6 12. Rfd1 (12. b4 a5 $5 $132) 12... Qc7 13. Rac1 Nf6 (13... Nc6 $4 14.
Nd5 $18) (13... Ne5 14. b4 $36 (14. f4 $5 {/\f5->})) 14. b4 $14 {|^<<} Nbd7 (
14... a5 $2 15. Ndb5 Qd8 16. e5 axb4 17. exf6 Rxa4 18. fxe7 $18) 15. Kh1 (15.
Qb3 $142 $14) 15... Rfe8 (15... a5 $5 16. Ndb5 Qb8 $132) 16. Qb3 Rac8 17. a4
Qb8 (17... Ne5 18. Qa2 $1 {/\Nb3,a5}) 18. Bg1 (18. Rb1 Bd8 19. a5 bxa5 20. bxa5
Nc5 21. Qa3 Qc7 $13 {<=>}) 18... Kh8 {/\g5-g4} (18... a5 19. bxa5 bxa5 20. Qa2
$14 {/\Nb3,Nb5}) 19. Rb1 g5 20. a5 bxa5 21. bxa5 Ba8 (21... Nc5 $142 22. Qb2
$14 {/^a1-h8}) 22. Na4 Qxb3 23. Nxb3 $16 {><a6,b6} g4 24. Nb6 Rc7 (24... gxf3
25. Bxf3 $1 Nxb6 $8 (25... Rcd8 26. Nxa8 Rxa8 27. e5 $16) 26. axb6 $16 {/\Na5})
25. Nxa8 (25. Rdc1 $5 gxf3 26. gxf3 $36 {/\c5}) 25... Rxa8 26. fxg4 Rb8 $1 (
26... Nxe4 27. Bf3 f5 (27... Rxc4 28. Rd4 $1) 28. gxf5 exf5 29. Nd4 $16) 27.
Nd2 Rcb7 $14 {<=>><a5,c4,e4} 28. Rxb7 Rxb7 29. g5 Ne8 30. h4 (30. Be3 $142 $14)
30... Bd8 31. Ra1 Kg8 32. Ra2 Nc7 (32... h6 $5 $132) 33. Bd1 (33. g3 $142 $14)
33... h6 $1 34. Ba4 Ne5 35. gxh6 Bxh4 36. Nf3 Bg3 37. Nxe5 Bxe5 {/\Rb1,Rb4} 38.
Bc2 $8 Kh7 39. Be3 Rb4 (39... Rb4 40. c5 dxc5 41. Bxc5 Rb2 $5 (41... Rc4 42.
Be3 $36) 42. Rxb2 Bxb2 43. Bb6 Be5 44. Be3 Bc3 45. Bb6 Be5 $11 {[Stohl,I]})
1/2-1/2

[Event "Capablanca Memorial Elite 31st"]
[Site "Cienfuegos"]
[Date "1996.??.??"]
[Round "5"]
[White "Vera Gonzalez Quevedo, Reynaldo"]
[Black "Becerra Rivero, Julio"]
[Result "1-0"]
[WhiteElo "2495"]
[BlackElo "2530"]
[Annotator "Stohl,I"]
[PlyCount "73"]
[EventDate "1996.05.??"]
[EventType "tourn"]
[EventRounds "13"]
[EventCountry "CUB"]
[EventCategory "12"]
[SourceTitle "CBM 054"]
[Source "ChessBase"]
[SourceDate "1996.10.01"]
[SourceVersion "1"]
[SourceVersionDate "1996.10.01"]
[SourceQuality "1"]

1. Nf3 {Baburin} (1. e4 c5 2. Nf3 Nc6 3. d4 cxd4 4. Nxd4 g6 5. c4 Bg7 6. Be3 b6
7. Nc3 Bb7 8. Be2 Nf6 9. O-O O-O 10. Qd2 d6 11. f3 Nxd4 (11... Qd7 12. Rad1
Rad8 13. Rfe1 Ne8 14. Bf1 Qc8 15. Nd5 Rd7 16. Nxc6 Bxc6 17. Bg5 Qb7 18. b4 e6
19. Nc3 Qc8 20. Bh6 Nf6 21. Bxg7 Kxg7 22. Qb2 Kg8 23. Rd2 Qd8 24. Ne2 Qe7 25.
Nd4 $36 {Tukmakov,V-Bellon Lopez,JM/Madrid/1973/}) (11... Nd7 12. Kh1 Nxd4 13.
Bxd4 Bxd4 14. Qxd4 a5 15. f4 Nc5 16. Qe3 e6 17. Rad1 Qe7 18. Bf3 Rad8 19. b3
Bc6 20. Rf2 Rfe8 21. Rfd2 Qc7 22. Qf2 Rd7 23. f5 Qd8 24. Qg3 exf5 25. exf5 Re3
26. Qf2 Bxf3 27. Qxe3 Bxd1 28. Rxd1 $16 {Timoshenko,G-Apicella,M/Bucharest/
1993/}) (11... Rc8 12. Rac1 Nxd4 (12... Nd7 13. Ndb5 a6 14. Na3 Nc5 15. Nc2 a5
16. b3 f5 17. exf5 gxf5 18. Nd5 Rb8 19. Rcd1 Ba8 20. Rfe1 e6 21. Bg5 Qd7 22.
Nc3 Bxc3 23. Qxc3 Ne5 24. Qe3 Nf7 25. Bf6 h6 26. a3 e5 27. f4 $40 {
Dragomarezkij,E-Suetin,A/Minsk/1993/}) 13. Bxd4 Nd7 14. Be3 Nc5 15. Rfd1 Ne6
16. Nd5 Qd7 17. b4 Bc6 18. f4 Nc7 19. Qd3 Rfd8 20. Nc3 Ne8 21. Bf3 f5 22. Bd4
e5 23. Be3 Qf7 24. Rf1 Nf6 $13 {Fogarasi,T-Tolnai,T/Budapest Exp6/1993/}) (
11... Ne5 12. Rac1 Rc8 13. Nd5 Ned7 14. Nb5 a6 15. Nbc3 Bc6 16. Rfd1 Re8 17.
Bf1 Rb8 18. b4 Bh8 19. Qe2 Bg7 20. Rd2 Bh8 21. Qe1 Bg7 22. Qd1 Qc8 23. Ne2 Qd8
24. Nd4 Bb7 25. Nb3 Qc8 26. a4 Ba8 27. a5 $16 {|^<<,De Firmian,N-Kudrin,S/
USA-ch Modesto/1995/}) 12. Bxd4 e6 (12... Nd7 13. Be3 a5 14. Rac1 Nc5 15. Qe1
Qd7 16. b3 Kh8 17. Qd2 Bc6 18. Rb1 Kg8 19. a3 Rfb8 20. b4 axb4 21. axb4 Na4 22.
Nxa4 Rxa4 23. b5 Ba8 24. c5 bxc5 25. Bxc5 Qe6 26. Bf2 Ra2 27. Qd3 d5 $132 {
Sax,Gy-Cebalo,M/Roma/1985/}) 13. Rad1 Qe7 14. Qg5 Rfd8 15. Rd2 Rd7 16. Rfd1
Rad8 17. Qh4 Nd5 18. Qxe7 Bxd4+ 19. Rxd4 Nxe7 20. Nb5 Nc8 21. Kf2 Kf8 22. h4 h6
23. R4d2 Ke7 24. g3 a6 25. Nc3 Rc7 $10 {Adorjan,A-Groszpeter,A/Budapest
Tungsram/1978/}) 1... c5 2. c4 g6 3. d4 cxd4 4. Nxd4 (4. Qxd4 $6 Nf6 5. Nc3 Nc6
(5... Bg7 6. g3 Nc6 7. Qd3 O-O 8. Bg2 d6 9. O-O Bd7 10. Bd2 Qc8 11. Rac1 Bh3
12. Nd5 Bxg2 13. Kxg2 Qd7 14. Bc3 Ng4 15. Bxg7 Kxg7 16. Rfd1 b6 17. Qc3+ f6 18.
b4 Rac8 19. h3 Nge5 20. Nd2 Qb7 21. f4 Nd7 22. Kh2 b5 23. a4 $1 $36 {Frey,
H-Frometa,Z/Capablanca mem-D/1996/}) 6. Qd2 Bg7 7. Rb1 O-O 8. b3 Qa5 9. e4 e6
10. Bb2 d5 11. cxd5 exd5 12. e5 Ng4 13. Nxd5 Qxd2+ 14. Nxd2 Bf5 15. Rd1 Ngxe5
16. Ne3 Nb4 17. Ba3 a5 18. Nxf5 gxf5 19. Bxb4 axb4 20. Be2 Rxa2 21. O-O Rd8 $19
{Garcia Palermo,C-Spangenberg,H/Villa Gesell Clarin/1996/}) 4... b6 $5 (4...
Nc6 5. e4 Nf6 6. Nc3 d6 7. Be2 {-B36}) (4... f5 $5 5. Nc3 Bg7 6. e4 fxe4 7.
Nxe4 Nc6 (7... Qa5+ 8. Nc3 Nf6 9. Nb3 Qe5+ 10. Be2 O-O 11. O-O Ne4 12. Nxe4
Qxe4 13. Bf3 Qf5 14. Qe2 Nc6 15. Be4 Qf6 16. Rb1 d6 17. Bd2 Qh4 18. Bd5+ Kh8
19. Bc3 Bxc3 20. bxc3 Rf5 21. g3 Qf6 22. Nd4 Re5 23. Qd2 Bh3 24. Rfe1 Nxd4 25.
Qxd4 $16 {Dragomarezkij,E-Pestov,S/Moscow II/1990/}) 8. Nb3 Nf6 9. Nxf6+ Bxf6
10. Be2 b6 11. O-O Bb7 12. Rb1 Qc7 13. Be3 Ne5 14. Bd4 Qc6 15. f3 d6 16. Rf2
O-O 17. Rc1 Bh4 18. Rf1 Ng4 19. Kh1 Nh6 20. Bd3 Nf5 21. Be4 Qd7 22. Bxb7 Qxb7
23. Bf2 Bf6 24. Nd4 Nxd4 25. Bxd4 Rac8 26. Bxf6 Rxf6 27. Re1 Rc5 $10 {Zhachev,
A-Pestov,S/Moscow II/1990/}) 5. e4 Bg7 6. Nc3 Bb7 7. Be2 d6 {[%csl Gc4,Gd4,Ge4]
Black can hardly avoid the Maroczy structure, (c4,Nd4,e4:d6,e7) the space
advantage usually gives White some edge.} (7... Nf6 $6 8. e5 Ng8 (8... Ne4 9.
Nxe4 Bxe4 10. Bf3 Bxf3 11. Qxf3 Na6 12. Bf4 $36 {[%csl Gd4,Gd5,Ge4,Ge5] [+],()}
) 9. f4 $5 (9. Bf3 Nc6 $14) 9... Bxg2 10. Rg1 Bb7 11. Be3 $44 {@}) 8. O-O Nf6
9. f3 O-O 10. Be3 Nbd7 (10... Nc6 {-1.e4(B38)}) 11. Qd2 $14 {() A slightly
untypical hedgehog position. Both black's B are fianchettoed, and although Bg7
is more active, than on e7, the e6 advance, which will protect the d5-square. 
(or chase away a N from there) will also more seriously weaken the d6-pawn,
than usual.} Rc8 (11... Re8 $142 $5) 12. Rac1 (12. Bh6 $5 $36 {An exchange of
Black-squared B usually favours White in such positions.}) 12... a6 13. Rfd1
Re8 14. Bf1 e6 (14... Qc7 $6 15. Nd5 Qb8 16. b4 $16 {|^ The aforementioned
moment. Black has to play this move sooner, or later.}) 15. Nc2 (15. Bh6 $5
Bxh6 (15... Bh8 16. Nc2 {[%csl Rd6] ><d6}) 16. Qxh6 Ne5 (16... d5 17. cxd5 exd5
18. exd5 Nxd5 19. Nxd5 Bxd5 20. Bxa6 $16) 17. b3 d5 18. exd5 exd5 19. Nde2 $36)
15... Bf8 16. Kh1 Qc7 17. Qf2 Be7 18. Rd2 Qb8 (18... Kh8 {[%cal Ye8g8,Yg6g4] /
\Rg8,g5-g4<=>} 19. Rcd1 (19. b4 {[%cal Rc3a4] /\Na4} b5 20. Na3 bxc4 21. Nxc4
d5 $132) 19... Rg8 20. Bf4 Ne5 (20... Ne8 21. e5 $1 $16) 21. Na4 $16) 19. Rcd1
(19. Bxb6 $6 Bxe4 20. Ba7 Qxb2 $17) 19... Ne5 20. Bf4 $1 (20. b3 $2 b5 $15)
20... Ba8 21. h3 Nh5 (21... Red8 $142 $5 {[%cal Re5c4] /\Nc4} 22. Na4 Nxc4 23.
Bxc4 Rxc4 24. Nxb6 Rc6 25. Nxa8 Qxa8 $14) 22. Bh2 Nxc4 $6 23. Bxc4 Rxc4 24.
Bxd6 Bxd6 25. Rxd6 $36 {[%csl Ra8,Rf6,Rg7,Rh6][%cal Gd1d8] ׻,Ba8,<->d The
liquidation has helped White, whose remaining pieces are more active, than
Black's. He also has attacking chances against Black's K. Baburin: [#]Removal
of the d6-pawn greatly decreases the dynamic potential of the Hedgehog pawn
formation. It's very hard for Black to activate the bishop now.} b5 $6 (25...
Rc6 $142 26. Rxc6 Bxc6 27. Nb4 Qb7 28. Qd4 $16) 26. Qh4 $1 (26. Rxa6 $6 b4 (
26... Qc8 27. Rb6) 27. Ne3 Rcc8 28. Nb1 (28. Ne2 $2 Qb5 {[%cal Rb5e2,Rb5a6] /
\Qa6,Qe2!}) 28... Qe5 $132) 26... Rcc8 (26... b4 $2 27. Rd8 $18) 27. Ne3 b4 28.
Ne2 {[%csl Rh5] פh5} b3 29. a3 Kg7 (29... Ng7 $6 30. Ng4 $40) (29... Qb5 30.
Nf4 $5 (30. Nd4 Qe5 31. Rxa6 $16) 30... Nxf4 31. Qxf4 $40 {[%cal Rd6d7,Re3g4] /
\Ng4,Rd7}) (29... Qa7 $142 $5 $16) 30. g4 Nf6 31. Nf5+ $1 $18 {A decisive
temporary sacrifice, which gives White a winning attack.} exf5 (31... gxf5 32.
Qg5+ Kf8 33. Qxf6 fxe4 34. Rd7 $18) 32. Qxf6+ Kg8 33. gxf5 Qb5 34. Rd7 Rf8 35.
Nf4 Rc1 (35... Qc6 36. Ne6 $1 $18) 36. Rxc1 Qxd7 37. Nh5 $1 (37. Nh5 gxh5 38.
Rg1#) 1-0

[Event "Hastings 9091"]
[Site "Hastings"]
[Date "1990.12.??"]
[Round "12"]
[White "Speelman, Jonathan S"]
[Black "Sax, Gyula"]
[Result "1-0"]
[WhiteElo "2605"]
[BlackElo "2600"]
[Annotator "Stohl,I"]
[PlyCount "57"]
[EventDate "1990.12.??"]
[EventType "tourn"]
[EventRounds "14"]
[EventCountry "ENG"]
[EventCategory "13"]
[SourceTitle "CBM 022"]
[Source "ChessBase"]
[SourceDate "1991.06.01"]
[SourceVersion "1"]
[SourceVersionDate "1991.06.01"]
[SourceQuality "1"]

1. Nf3 {Ribli} Nf6 2. c4 c5 3. Nc3 Nc6 4. d4 cxd4 5. Nxd4 Qb6 $6 (5... e6 6. a3
Bc5 {-A33} (6... Nxd4 7. Qxd4 b6 $5 {Sax})) 6. Nb3 e6 7. a3 $5 (7. g3 Ne5 8. e4
Bb4 9. Qe2 d6 {-A33}) 7... d5 (7... Ne5 8. Be3 Qd8 9. Bf4 d6 (9... Nxc4 10. e4
$36) 10. c5 a6 11. e3 $14 {Speelman,J-Sax,G,Thessaloniki (ol) 1988-TD 88_06} (
11. g3 $5 $36)) 8. Be3 Qd8 (8... d4 $2 9. Nxd4 Qxb2 10. Ndb5 $18) 9. cxd5 Nxd5
(9... exd5 10. g3 $14) 10. Nxd5 exd5 11. g3 Be7 {N} (11... Bd6 12. Bg2 Be5 13.
O-O Bxb2 14. Ra2 Bf6 15. Rd2 O-O 16. Rxd5 Qc7 {Razuvaeav,Y-Horvath,Jo,Stary
Smokovec 1990-CBM 21} 17. Nc5 $5 $16) (11... a5 $5 12. Bg2 a4 13. Nd4 Qa5+ 14.
Qd2 Qxd2+ 15. Kxd2 {Stohl,I-Polgar,J,Amsterdam OHRA II 1990-CBM 20} Be6 $14)
12. Bg2 Bf6 13. Qd2 $5 (13. O-O $1 Bxb2 14. Ra2 $16 {-11...Bd6}) (13. O-O $5 {
Ribli}) (13. Nd4 $6 {Ribli} O-O 14. O-O Re8 15. Re1 Bg4 $13) 13... d4 $5 (13...
Be6 14. Nc5 $36) (13... O-O 14. Rd1 $16) 14. Bxc6+ bxc6 15. Bxd4 (15. Nxd4 c5
$146) 15... Qd5 16. O-O-O $1 $8 Bg5 (16... Bxd4 $2 17. Qxd4 $18) (16... O-O 17.
Bxf6 Qxb3 18. Qg5 Qc4+ 19. Kd2 Qd5+ 20. Qxd5 cxd5 21. Bd4 $18) 17. f4 (17. Be3
$6 Qc4+ (17... Qxb3 18. Bxg5 O-O 19. Qd3 $14) 18. Qc3 (18. Kb1 Bf5+ 19. Ka1 Bf6
$44) 18... Bxe3+ 19. fxe3 Qxc3+ 20. bxc3 Bg4 $132) 17... Qxb3 18. Bxg7 $5 (18.
fxg5 O-O 19. Qc3 Qxc3+ 20. Bxc3 Be6 $14 {^-_|_}) 18... Be7 $1 (18... Qc4+ 19.
Qc3 Qxc3+ 20. Bxc3 Rg8 21. fxg5 Rxg5 22. e4 $16) 19. Bxh8 f6 20. e4 Kf7 (20...
Rb8 21. e5 $5 Bf5 (21... Bxa3 $4 22. Qd8+ Kf7 23. Qxf6+ $18) 22. exf6 Bxa3 (
22... Qa2 23. Qd4 $1 Qb1+ 24. Kd2 Rxb2+ 25. Ke1 $18 Qc2 26. Qxb2 $1) 23. f7+
Kxf7 24. Qc3 Bxb2+ 25. Qxb2 Qc4+ 26. Qc3 Rb1+ 27. Kd2 Qa2+ 28. Ke1 $18) (20...
Rb8 $5 {Ribli}) 21. f5 (21. Qc2 $5 Qxc2+ 22. Kxc2 Bg4 23. Bxf6 Bxd1+ 24. Rxd1
$14) 21... Rb8 (21... Kg8 22. Qd3 Qxd3 23. Rxd3 Kxh8 24. Rhd1 Kg7 25. Rd8 $5
Bxd8 26. Rxd8 Kf7 27. Kd2 Ke7 28. Rh8 Kd6 29. Ke3 Bb7 30. Rxh7 $16) 22. Rhe1 (
22. e5 $5 Bxf5 (22... Bxa3 23. e6+ Kg8 24. Bxf6 $18) 23. Bxf6 Bxa3 (23... Qc4+
24. Qc3 Qxc3+ 25. bxc3 Bxa3+ 26. Kd2 Rb2+ 27. Ke3 Bc5+ 28. Kf4 Rf2+ 29. Kg5
Be3+ 30. Kh4 $16) (23... Qa2 24. e6+ Kxe6 (24... Kxf6 25. Qh6+ Bg6 26. Rhf1+
Kxe6 27. Qe3+ $18) 25. Rhe1+ Kxf6 26. Qh6+ Kf7 27. Rxe7+ Kxe7 28. Qg7+ Ke8 29.
Qe5+ $18) 24. e6+ Kxf6 25. Qh6+ Bg6 26. Rhf1+ $18) 22... Ba6 $2 (22... Kg8 $1
$13) (22... Kg8 $5 {Ribli}) 23. Qc2 $1 Qxc2+ (23... Qa2 24. e5 $18) 24. Kxc2
Rxh8 25. Rd7 Rd8 26. Rxa7 Bd3+ 27. Kc3 Kf8 $2 (27... c5 $8 28. b3 Kf8 29. a4
$18) 28. Rd1 Bxe4 29. Rxe7 $1 (29. Rxe7 Kxe7 30. Re1 $18 {[Stohl]}) 1-0